LEADER 00986nam a2200301 i 4500 001 991001645099707536 005 20020502203647.0 008 990114s1981 it ||| | ita 020 $a8877110201 035 $ab11543115-39ule_inst 035 $aPRUMB65080$9ExL 040 $aDip. SSSC$bita 082 0 $a614 100 1 $aPontecorvo, Michele$0327700 245 10$aVaccini, sieri, immonoglobuline :$bprontuario per l'uso /$cM. Pontecorvo 250 $a6. ed. 260 $a[Torino] :$bMinerva medica,$c1981 300 $aXXIII, 160 p. ;$c20 cm. 500 $aEd. riservata Sclavo 650 4$aImmonoglobuline 650 4$aSieri 650 4$aVaccini 907 $a.b11543115$b21-09-06$c01-07-02 912 $a991001645099707536 945 $aLE021 DI4BISA10$g1$i2021000026140$lle021$o-$pE0.00$q-$rl$s- $t0$u0$v0$w0$x0$y.i11742215$z01-07-02 996 $aVaccini, sieri, immonoglobuline$9815974 997 $aUNISALENTO 998 $ale021$b01-01-99$cm$da $e-$fita$git $h0$i1 LEADER 02984nam 22006855 450 001 9911031662403321 005 20260302095538.0 010 $a3-032-01858-7 024 7 $a10.1007/978-3-032-01858-8 035 $a(CKB)41520731100041 035 $a(MiAaPQ)EBC32324979 035 $a(Au-PeEL)EBL32324979 035 $a(DE-He213)978-3-032-01858-8 035 $a(OCoLC)1543047333 035 $a(EXLCZ)9941520731100041 100 $a20251001d2025 u| 0 101 0 $aeng 135 $aur||||||||||| 181 $ctxt$2rdacontent 182 $cc$2rdamedia 183 $acr$2rdacarrier 200 10$aFoundations of Data Analysis /$fby Mike Nguyen 205 $a1st ed. 2025. 210 1$aCham :$cSpringer Nature Switzerland :$cImprint: Springer,$d2025. 215 $a1 online resource (278 pages) 225 1 $aMathematics and Statistics Series 311 08$a3-032-01857-9 327 $a1 Introduction -- 2 Prerequisites -- 3 Descriptive Statistics -- 4 Basic Statistical Inference. 330 $aThis volume is designed not only as a foundation for mastering modern data analysis but also as a trusted companion for revision and review. Whether you're encountering these ideas for the first time or revisiting them to reinforce your understanding, this book provides a clear and structured pathway. It introduces essential topics such as descriptive statistics, probability, and statistical inference, while laying the groundwork for more advanced analytical methods. Emphasis is placed on conceptual clarity, interpretation, and practical intuition?making the material both rigorous and accessible. Rich with examples from business, economics, and policy research, this book equips students, professionals, and self-learners alike with the tools needed for applied data analysis and future modeling work. 410 0$aMathematics and Statistics Series 606 $aRegression analysis 606 $aMultivariate analysis 606 $aExperimental design 606 $aLinear Models and Regression 606 $aMultivariate Analysis 606 $aDesign of Experiments 606 $aAnàlisi de regressió$2thub 606 $aAnàlisi multivariable$2thub 606 $aDisseny d'experiments$2thub 606 $aModels lineals (Estadística)$2thub 608 $aLlibres electrònics$2thub 615 0$aRegression analysis. 615 0$aMultivariate analysis. 615 0$aExperimental design. 615 14$aLinear Models and Regression. 615 24$aMultivariate Analysis. 615 24$aDesign of Experiments. 615 7$aAnàlisi de regressió 615 7$aAnàlisi multivariable 615 7$aDisseny d'experiments 615 7$aModels lineals (Estadística) 676 $a519.536 700 $aNguyen$b Mike$01850922 801 0$bMiAaPQ 801 1$bMiAaPQ 801 2$bMiAaPQ 906 $aBOOK 912 $a9911031662403321 996 $aFoundations of Data Analysis$94444156 997 $aUNINA